00439 2200169 4500001002100000005001500021008004100036020002200077035001900099041000700118082000800125090001400133100001900147245003300166260004500199300002500244INLIS00000000003067220241224133025241224||||||||| | ||| |||| || |  a978-979-22-8186-6 0010-1224030672 aid0 a823 a823 ALL k0 aIsabel Allende00aKINGDOM OF THE GOLDEN DRAGON aJakartabPT.GRAMEDIA PUSTAKA UTAMAc2012 a357 hlm,13,5 x 20 cm